Psicoanálisis del crimen
Guardat en:
| Autor principal: | |
|---|---|
| Format: | Llibre |
| Idioma: | espanyol |
| Publicat: |
Buenos Aires
Hormé
1965
|
| Col·lecció: | Psicología de Hoy, 27
|
| Matèries: | |
| Etiquetes: |
Afegir etiqueta
Sense etiquetes, Sigues el primer a etiquetar aquest registre!
|
MARC
| LEADER | 00000nam a2200000 a 4500 | ||
|---|---|---|---|
| 001 | UCY7487 | ||
| 003 | CL-VaPUC | ||
| 008 | 950614e19650000AG |||||||||||||||||spa|d | ||
| 082 | 0 | 4 | |a 364.1 |b REI |2 21 |
| 100 | 0 | |a Reik, Theodor |e author |9 337103 | |
| 245 | 1 | 0 | |a Psicoanálisis del crimen |
| 300 | |a 298 p | ||
| 942 | |c BK | ||
| 945 | |d 19950614 00:00:00 |a rbrito | ||
| 260 | |a Buenos Aires |b Hormé |c 1965 | ||
| 650 | 0 | |a Criminología |9 256168 | |
| 650 | 7 | |a PSICOLOGIA CRIMINAL |2 CL-VaPUC |9 256274 | |
| 650 | 7 | |a HOMICIDIO |2 CL-VaPUC |9 336529 | |
| 650 | 7 | |a CRIMINALES |2 CL-VaPUC |9 322996 | |
| 650 | 0 | |a Delincuencia |9 335739 | |
| 583 | |a last modification |c 19950614 00:00:00 |k Rodrigo Vera | ||
| 490 | 0 | |a Psicología de Hoy, 27 | |
| 999 | |c 234857 |d 234855 | ||
| 952 | |0 0 |1 0 |4 0 |6 364_100000000000000_REI_1965 |7 0 |8 A |9 241615 |a BIBDER |b BIBDER |d 2019-11-18 |i 2006170 |o 364.1 REI 1965 |p 2006170 |r 2023-01-25 |w 2019-11-18 |y BK |k DER | ||